000
00216 a2200097 4500
001
6319
100
_a
Green, J.R
245
_a
Calculus with analytic geometry
260
_a
_b
McGraw-Hill
_c
1967
090
_c
5195
_d
5195
942
_a
NUST-CAE
_c
M
_c
31595
999
_c
241392
_d
241392